000 00386nam a22001697a 4500
003 OSt
008 230325b |||||||| |||| 00| 0 eng d
020 _a9788177582284
082 _a657.3 TUF
100 _aTULSIAN,PC
245 _aFinancial Accounting
250 _a30th IMP
260 _aUP
_bPearson
_c2022
300 _aMISC
650 _aFinancial Accounting
942 _2ddc
_cREF
999 _c11884
_d11884